000 00924nam a2200289Ia 4500
003 OSt
005 20221007122728.0
006 a|||||r|||| 00| 0
007 ta
008 221006b |||||||| |||| 00| 0 eng d
020 _a9780470852767 (pbk)
024 _a159603
037 _b4206, 10/10/2011, New India Book Agency
_cTextual
040 _aPAPL
_cPAPL
_beng
041 _2eng
_aeng
082 _aC21, P4 Carpa
100 _aTilley Richard J D
_9715036
245 0 _aUnderstanding solids : The science of materials
260 _aWest
_bSussex John Wiley
_c2004
300 _axxii; 593p.
_ccm.
500 _aInclude bibliographical references; Index 575-593p.
650 _a Material science
_9429475
650 _a Solids
_9519377
650 _aPhysics
942 _hC21, P4 Carpa
_cTEXL
_2CC
999 _c1210835
_d1210835